Movies Quiz

Random Movies or Disney Quiz

Beauty and the beast opening (1991) Quiz Stats

 Plays Quiz not verified by Sporcle

Challenge
Share
Tweet
Embed
Score 0/250 Timer 10:00
0 Plays Today
Answer % Correct
on
98.2%
Once
93.7%
the
93.7%
a
93.7%
a
93.7%
The
93.7%
and
93.7%
a
93.7%
a
93.7%
the
93.7%
and
93.7%
the
93.7%
The
93.7%
a
93.7%
and
93.7%
the
93.7%
and
93.7%
a
93.7%
and
93.7%
the
93.7%
a
93.7%
the
93.7%
And
93.7%
a
93.7%
the
93.7%
a
93.7%
the
93.7%
a
93.7%
And
93.7%
a
93.7%
the
93.7%
and
93.7%
the
93.7%
a
93.7%
the
93.7%
and
93.7%
the
93.7%
the
93.7%
a
93.7%
the
93.7%
time,
92.8%
upon
92.8%
time
92.8%
time.
92.8%
in
90.1%
in
90.1%
prince
90.1%
in
90.1%
prince
90.1%
prince
90.1%
prince
90.1%
in
90.1%
in
90.1%
castle,
87.4%
castle,
87.4%
castle.
87.4%
castle,
87.4%
lived
86.5%
lived
86.5%
he
85.6%
he
85.6%
he
85.6%
he
85.6%
he
85.6%
to
84.7%
be
84.7%
to
84.7%
be
84.7%
to
84.7%
to
84.7%
to
84.7%
be
84.7%
to
84.7%
to
84.7%
was
83.8%
was
83.8%
an
83.8%
was
83.8%
was
83.8%
rose
82.9%
rose
82.9%
rose
82.9%
she
82.9%
she
82.9%
Answer % Correct
she
82.9%
she
82.9%
his
82%
his
82%
heart
82%
his
82%
heart.
82%
his
82%
beggar-woman
82%
his
82%
his
82%
for
81.1%
land,
81.1%
for
81.1%
For
81.1%
for
81.1%
for
81.1%
young
80.2%
ever
79.3%
old
79.3%
faraway
79.3%
old
79.3%
old
79.3%
of
78.4%
him
78.4%
had
78.4%
him
78.4%
had
78.4%
him
78.4%
came
77.5%
Beast
76.6%
Beast
76.6%
one
76.6%
love
76.6%
love
76.6%
beast,
76.6%
love
76.6%
love
76.6%
beast?
76.6%
woman
75.7%
no
75.7%
offered
75.7%
offered
75.7%
womans
75.7%
night,
75.7%
selfish,
74.8%
by
74.8%
But
74.8%
then
74.8%
by
74.8%
return
74.8%
then,
74.8%
return,
74.8%
But
74.8%
by
74.8%
shelter
74.8%
but
74.8%
then
74.8%
who
73.9%
who
73.9%
her
73.9%
appearance,
73.9%
away.
73.9%
there
73.9%
her
73.9%
there.
73.9%
single
73.9%
away,
73.9%
her
73.9%
As
72.1%
as
72.1%
cold.
72.1%
not,
72.1%
not
72.1%
as
72.1%
all
71.2%
all
71.2%
could
71.2%
all
71.2%
could
71.2%
into
71.2%
from
71.2%
Enchantress.
71.2%
into
71.2%
Answer % Correct
is
71.2%
desired,
70.3%
turned
70.3%
beauty
70.3%
beautiful
70.3%
everything
70.3%
spell
69.4%
with
69.4%
spell
69.4%
it
67.6%
Although
67.6%
that
67.6%
within.
66.7%
shining
66.7%
warned
66.7%
unkind.
65.8%
seen
64.9%
late,
64.9%
found
64.9%
at
64.9%
bitter
64%
too
64%
year.
64%
reveal
64%
learn
64%
would
63.1%
hideous
63.1%
haggard
63.1%
would
63.1%
winters
63.1%
would
63.1%
last
62.2%
petal
62.2%
fell
62.2%
fell,
62.2%
when
62.2%
If
61.3%
If
61.3%
enchanted
60.4%
Repulsed
60.4%
twenty-first
60.4%
spoiled,
60.4%
melted
60.4%
years
60.4%
deceived
60.4%
tried
59.5%
magic
59.5%
appearances ,
58.6%
remain
58.6%
apologise
57.7%
again,
57.7%
transformed
57.7%
broken.
57.7%
despair
55.9%
another,
55.9%
bloom
55.9%
mirror
55.9%
passed,
55%
Ashamed
54.1%
outside
53.2%
sneered
53.2%
gift
53.2%
truly
53.2%
until
52.3%
only
52.3%
placed
51.4%
punishment,
51.4%
world.
51.4%
earn
50.5%
lost
50.5%
hope.
50.5%
ugliness
49.5%
window
46.8%
doomed
46.8%
which
44.1%
himself
43.2%
form,
43.2%
inside
43.2%
dismissed
41.4%
powerful
40.5%
monstrous
36.9%
concealed
32.4%

You're not logged in!

Compare scores with friends on all Sporcle quizzes.
OR
Log In

You Might Also Like...

Show Comments

Extras

Top Quizzes Today


Score Distribution

Your Account Isn't Verified!

In order to create a playlist on Sporcle, you need to verify the email address you used during registration. Go to your Sporcle Settings to finish the process.

Report this User

Report this user for behavior that violates our Community Guidelines.

Details: